SPSS Base 8.0 : user's guide

Bibliographic Details
Format: Book
Published: Illinois : SPSS Inc. , 1998
Subjects:

MARC

LEADER 00000cam a2200000 7i4500
001 0000008494
005 20021128.0
020 |a 013688590X 
040 |a INS 
090 0 0 |a HA32.   |b S5447 1998 
245 0 0 |a SPSS Base 8.0 :   |b user's guide 
260 |a Illinois :   |b SPSS Inc. ,   |c 1998 
300 |a 701p. ;   |c 23 cm. 
650 0 0 |a Computers 
650 0 0 |a Computers Program 
650 0 0 |a SPSS (Computer Programs) 
999 |a 0000007893   |b BOOK   |c Open Shelf   |e Default branch